| 000 | 01045cam a2200313 a 4500 | ||
|---|---|---|---|
| 001 | 16544474 | ||
| 003 | OSt | ||
| 005 | 20231229135257.0 | ||
| 008 | 101119s2011 njua 001 0 eng | ||
| 010 | _a 2010049289 | ||
| 020 | _a9788126537204 | ||
| 020 | _a9780470767856 (pbk.) | ||
| 020 | _a0470767855 (pbk.) | ||
| 035 | _a(OCoLC)ocn682921122 | ||
| 040 |
_aDLC _cDLC _dYDX _dYDXCP _dCDX _dBWX _dMEAUC _dDLC |
||
| 050 | 0 | 0 |
_aQA297 _b.G48 2011 |
| 082 | 0 | 0 |
_a518.0285 _222 _bGIL/M |
| 100 | 1 |
_aGilat, Amos _99084 |
|
| 245 | 1 | 0 |
_aMATLAB : _ban introduction with applications / _cAmos Gilat. |
| 250 | _a4th ed. | ||
| 260 |
_aHoboken, NJ : _bJ. Wiley & Sons, _cc2011. |
||
| 300 |
_ax, 418 p. : _bill. ; _c24 cm. |
||
| 500 | _aIncludes index. | ||
| 630 | 0 | 0 | _aMATLAB. |
| 650 | 0 |
_aNumerical analysis _xData processing. |
|
| 906 |
_a7 _bcbc _corignew _d1 _eecip _f20 _gy-gencatlg |
||
| 942 |
_2ddc _cBK _h518.0285 _iGIL/M _k518.0285 _mGIL/M |
||
| 999 |
_c41508 _d41508 |
||